000 00850cam a22002651 4500
001 19444
003 BD-RjUL
005 20211209000431.0
008 140224s1959 un 000 0 eng d
035 _a(BD-RjUL)19504
035 _a(OCoLC)14606013
040 _aDLC
_cDNLM
_dODaWU
_dOCoLC
_dDLC
_dBD-RjUL
_beng
041 _aeng
060 0 _aZ 366
_bG672p 1959
082 0 0 _a655.447
_bGOP 1959
100 1 _aGorokhoff, Boris Ivanovitch,
_d1917-
_959751
245 1 0 _aPublishing in the U. S. S. R. /
_c Boris Ivanovitch, Gorokhoff
260 _aBloomington, Ind.,
_cc1959
_bWashington :
300 _axiii, 306 p. ;
_c23cm.
490 0 _aIndiana University publications. Slavic and East European series,
_vv. 19
650 0 _aPublishers and publishing
_zSoviet Union.
_959752
942 _2ddc
_cBK
999 _c19444
_d19444